[Event "Zonal 2.4"]
[Site "Sao Paulo BRA"]
[Date "2005.10.22"]
[Round "1.1"]
[White "Matsuura, Everaldo"]
[Black "Vescovi, Giovanni Portilho"]
[Result "1/2-1/2"]
[WhiteElo "2453"]
[BlackElo "2646"]
[PlyCount "48"]
[EventDate "2005.10.22"]
[EventType "swiss"]
[EventRounds "9"]
[EventCountry "BRA"]
[Source "lmi"]
[SourceDate "2005.11.01"]

1. e4 e5 2. Nf3 Nc6 3. Bb5 Nf6 4. d3 d6 5. c3 Be7 6. O-O O-O 7. Re1 Bd7 8. Nbd2
Re8 9. Nf1 Bf8 10. Ng3 h6 11. h3 a6 12. Ba4 b5 13. Bc2 d5 14. d4 dxe4 15. Nxe5
Nxe5 16. dxe5 Rxe5 17. Nxe4 Nxe4 18. Rxe4 Qe8 19. Rxe5 Qxe5 20. Bf4 Qxf4 21.
Qxd7 Bc5 22. Rf1 Bb6 23. Qg4 Qxg4 24. hxg4 Rd8 1/2-1/2

[Event "Zonal 2.4"]
[Site "Sao Paulo BRA"]
[Date "2005.10.22"]
[Round "1.2"]
[White "Milos Jr, Gilberto"]
[Black "Limp, Eduardo Thelio"]
[Result "1-0"]
[WhiteElo "2620"]
[BlackElo "2447"]
[PlyCount "79"]
[EventDate "2005.10.22"]
[EventType "swiss"]
[EventRounds "9"]
[EventCountry "BRA"]
[Source "lmi"]
[SourceDate "2005.11.01"]

1. e4 c5 2. Nf3 Nc6 3. d4 cxd4 4. Nxd4 Nf6 5. Nc3 e6 6. Nxc6 bxc6 7. e5 Nd5 8.
Ne4 f5 9. exf6 Nxf6 10. Nd6+ Bxd6 11. Qxd6 Ba6 12. c4 Qb6 13. Qa3 c5 14. Be3
Rc8 15. Be2 O-O 16. O-O d5 17. Rae1 Ne4 18. Bc1 Rce8 19. Qh3 Nf6 20. b3 d4 21.
f4 e5 22. fxe5 Rxe5 23. Bd3 Bc8 24. Qh4 Rxe1 25. Rxe1 Qa5 26. Bg5 Qc3 27. Rd1
h6 28. Bxf6 Rxf6 29. Qe4 Be6 30. h3 Qa5 31. Qa8+ Kf7 32. Bh7 Ke7 33. Qb7+ Bd7
34. Qb8 Re6 35. Qg3 g5 36. Rf1 Qd2 37. Qb8 Qe3+ 38. Kh1 Rf6 39. Rxf6 Qe1+ 40.
Kh2 1-0

[Event "Zonal 2.4"]
[Site "Sao Paulo BRA"]
[Date "2005.10.22"]
[Round "1.3"]
[White "Zambrana, Osvaldo"]
[Black "Leitao, Rafael Duailibe"]
[Result "1/2-1/2"]
[WhiteElo "2409"]
[BlackElo "2586"]
[PlyCount "107"]
[EventDate "2005.10.22"]
[EventType "swiss"]
[EventRounds "9"]
[EventCountry "BRA"]
[Source "lmi"]
[SourceDate "2005.11.01"]

1. e4 c6 2. d4 d5 3. Nd2 dxe4 4. Nxe4 Bf5 5. Ng3 Bg6 6. h4 h6 7. Nf3 Nd7 8. h5
Bh7 9. Bd3 Bxd3 10. Qxd3 e6 11. Bf4 Ngf6 12. O-O-O Be7 13. Kb1 O-O 14. Ne4 Nxe4
15. Qxe4 Nf6 16. Qe2 Qd5 17. Ne5 Qe4 18. Qxe4 Nxe4 19. Rhe1 Nf6 20. g4 Bd6 21.
f3 a5 22. Bd2 a4 23. c3 Rac8 24. Nd3 c5 25. dxc5 Bxc5 26. Re5 Be7 27. Rb5 Rfd8
28. Be3 Nd5 29. Bd4 a3 30. Rxb7 Bf6 31. Bxf6 gxf6 32. Nf2 axb2 33. Kxb2 Rc6 34.
Ne4 Ra8 35. Rb3 Kg7 36. Rd4 Ne3 37. Nd2 Nd1+ 38. Kc2 Ne3+ 39. Kd3 Nd5 40. a3
Rca6 41. Nc4 R6a7 42. Rb5 Rc8 43. f4 Rd7 44. f5 Nf4+ 45. Ke4 Rxd4+ 46. cxd4
Rxc4 47. Kxf4 Rxd4+ 48. Kf3 Rd3+ 49. Ke4 Rxa3 50. fxe6 fxe6 51. Rb7+ Kg8 52.
Rb8+ Kf7 53. Rb7+ Kf8 54. Rh7 1/2-1/2

[Event "Zonal 2.4"]
[Site "Sao Paulo BRA"]
[Date "2005.10.22"]
[Round "1.4"]
[White "Mecking, Henrique Costa"]
[Black "Assumpcao, Roberto"]
[Result "1-0"]
[WhiteElo "2549"]
[BlackElo "2364"]
[PlyCount "107"]
[EventDate "2005.10.22"]
[EventType "swiss"]
[EventRounds "9"]
[EventCountry "BRA"]
[Source "lmi"]
[SourceDate "2005.11.01"]

1. d4 Nf6 2. c4 e6 3. Nf3 Bb4+ 4. Bd2 a5 5. g3 O-O 6. Bg2 d5 7. Qc2 c6 8. O-O
Nbd7 9. Bf4 Be7 10. Nbd2 Nh5 11. Rac1 Nxf4 12. gxf4 Bd6 13. e3 f6 14. Kh1 Qe8
15. Rg1 Kh8 16. Bh3 e5 17. cxd5 cxd5 18. dxe5 fxe5 19. Ng5 g6 20. Qa4 b5 21.
Qxb5 Rb8 22. Rxc8 Qxc8 23. Qxd5 Qb7 24. Qxb7 Rxb7 25. Nc4 Be7 26. Nxa5 Rb5 27.
Nc4 exf4 28. Ne6 Rfb8 29. Nxf4 Ne5 30. a4 Rc5 31. Nxe5 Rxe5 32. Rxg6 Rxb2 33.
Rg1 Rxf2 34. Nd3 Ref5 35. Bxf5 Rxf5 36. e4 Ra5 37. Ra1 Kg7 38. Kg2 Kf6 39. h3
Kg5 40. Kf3 Kh4 41. e5 Bd8 42. Nf4 Rc5 43. Rg1 Rc3+ 44. Ke4 h5 45. Rg8 Bc7 46.
Nd5 Rc4+ 47. Kd3 Rc1 48. Nxc7 Rxc7 49. e6 Ra7 50. Rd8 Re7 51. Rd6 Kxh3 52. Ke4
Ra7 53. Kf5 Ra5+ 54. Kf6 1-0

[Event "Zonal 2.4"]
[Site "Sao Paulo BRA"]
[Date "2005.10.22"]
[Round "1.5"]
[White "El Debs, Felipe de Cresce"]
[Black "Lima, Darcy Gustavo"]
[Result "1/2-1/2"]
[WhiteElo "2341"]
[BlackElo "2529"]
[PlyCount "65"]
[EventDate "2005.10.22"]
[EventType "swiss"]
[EventRounds "9"]
[EventCountry "BRA"]
[Source "lmi"]
[SourceDate "2005.11.01"]

1. e4 c5 2. Nc3 Nc6 3. g3 g6 4. Bg2 Bg7 5. d3 d6 6. f4 e6 7. Nf3 Nge7 8. Be3
Nd4 9. O-O O-O 10. Bf2 Nec6 11. Nxd4 Nxd4 12. Rb1 Bd7 13. Ne2 Ba4 14. b3 Bc6
15. c4 Nxe2+ 16. Qxe2 Qe7 17. Rbd1 Rad8 18. Be3 f5 19. exf5 exf5 20. Bxc6 bxc6
21. Qf3 Qxe3+ 22. Qxe3 Bd4 23. Qxd4 cxd4 24. Rfe1 Rfe8 25. Kf2 Kf7 26. b4 Rxe1
27. Rxe1 Rb8 28. Rb1 Ke6 29. a4 a6 30. Ke2 Kd7 31. Kd2 Ke7 32. Kc2 Re8 33. Kd2
1/2-1/2

[Event "Zonal 2.4"]
[Site "Sao Paulo BRA"]
[Date "2005.10.22"]
[Round "1.6"]
[White "Sunye Nt, Jaime"]
[Black "Di Berardino, Diego Rafael"]
[Result "1-0"]
[WhiteElo "2522"]
[BlackElo "2312"]
[PlyCount "71"]
[EventDate "2005.10.22"]
[EventType "swiss"]
[EventRounds "9"]
[EventCountry "BRA"]
[Source "lmi"]
[SourceDate "2005.11.01"]

1. c4 g6 2. Nc3 Bg7 3. d4 Nf6 4. e4 d6 5. Nf3 O-O 6. Be2 e5 7. O-O Nc6 8. d5
Ne7 9. Ne1 Nd7 10. f3 f5 11. g4 f4 12. h4 Kh8 13. Rf2 Ng8 14. Rh2 Bf6 15. Ng2
Be7 16. Rb1 a5 17. Bd2 Ngf6 18. Be1 c6 19. Bf2 Qc7 20. Ne1 Nb6 21. Nc2 Bd7 22.
Na3 Rfc8 23. Kg2 Be8 24. Rh1 Nbd7 25. Qd2 Qd8 26. Rhd1 Bf7 27. Qe1 Ne8 28. dxc6
bxc6 29. c5 dxc5 30. Bc4 Bxc4 31. Nxc4 Qc7 32. Na4 Ng7 33. Qc3 Rab8 34. Rd2 Bf8
35. Rbd1 Rd8 36. Qxa5 1-0

[Event "Zonal 2.4"]
[Site "Sao Paulo BRA"]
[Date "2005.10.23"]
[Round "2.1"]
[White "Castaneda, Carlos"]
[Black "Milos Jr, Gilberto"]
[Result "1/2-1/2"]
[WhiteElo "2171"]
[BlackElo "2620"]
[PlyCount "105"]
[EventDate "2005.10.22"]
[EventType "swiss"]
[EventRounds "9"]
[EventCountry "BRA"]
[Source "lmi"]
[SourceDate "2005.11.01"]

1. e4 c5 2. Nf3 Nc6 3. d4 cxd4 4. Nxd4 Nf6 5. Nc3 d6 6. Be2 e5 7. Nf3 h6 8. O-O
Be7 9. Nd2 O-O 10. Nc4 Be6 11. Ne3 Nd4 12. Bd3 Qd7 13. f4 exf4 14. Rxf4 Nc6 15.
Ned5 Bxd5 16. exd5 Ne5 17. Be3 Nfg4 18. Bd4 f5 19. Qe2 Bg5 20. Rff1 a6 21. h3
Nxd3 22. Qxd3 Ne5 23. Qe2 Rae8 24. Rae1 Bh4 25. Rd1 Qf7 26. Bxe5 Rxe5 27. Qc4
Qe7 28. Rd3 b5 29. Qc6 b4 30. Nd1 Re2 31. Rdf3 a5 32. Nf2 Bg5 33. Nd3 Be3+ 34.
Kh1 g6 35. Nf4 Bxf4 36. Rxf4 Re8 37. a3 bxa3 38. bxa3 Qe5 39. c4 Rc2 40. Qa4
Rb2 41. Qxa5 Qe2 42. Rg1 h5 43. Qc7 Re3 44. Kh2 Rbb3 45. Qd8+ Kh7 46. Rh4 Qf2
47. Qf6 Qg3+ 48. Kh1 Kg8 49. c5 Re1 50. Rb4 Rxg1+ 51. Kxg1 Qe1+ 52. Kh2 Qg3+
53. Kg1 1/2-1/2

[Event "Zonal 2.4"]
[Site "Sao Paulo BRA"]
[Date "2005.10.23"]
[Round "2.2"]
[White "Mecking, Henrique Costa"]
[Black "Sunye Nt, Jaime"]
[Result "1/2-1/2"]
[WhiteElo "2549"]
[BlackElo "2522"]
[PlyCount "37"]
[EventDate "2005.10.22"]
[EventType "swiss"]
[EventRounds "9"]
[EventCountry "BRA"]
[Source "lmi"]
[SourceDate "2005.11.01"]

1. d4 Nf6 2. c4 e6 3. Nf3 b6 4. g3 Bb7 5. Bg2 Be7 6. Nc3 Ne4 7. Bd2 Nxc3 8.
Bxc3 d5 9. cxd5 exd5 10. Ne5 O-O 11. b4 Nd7 12. Nxd7 Qxd7 13. O-O Ba6 14. Re1
f5 15. e3 Bc4 16. Bf1 Bxf1 17. Rxf1 a6 18. Bd2 Bd6 19. a4 1/2-1/2

[Event "Zonal 2.4"]
[Site "Sao Paulo BRA"]
[Date "2005.10.23"]
[Round "2.3"]
[White "Vescovi, Giovanni Portilho"]
[Black "Zambrana, Osvaldo"]
[Result "1-0"]
[WhiteElo "2646"]
[BlackElo "2409"]
[PlyCount "187"]
[EventDate "2005.10.22"]
[EventType "swiss"]
[EventRounds "9"]
[EventCountry "BRA"]
[Source "lmi"]
[SourceDate "2005.11.01"]

1. e4 c5 2. Nf3 Nc6 3. d4 cxd4 4. Nxd4 Nf6 5. Nc3 e5 6. Ndb5 d6 7. Bg5 a6 8.
Na3 b5 9. Bxf6 gxf6 10. Nd5 f5 11. Bd3 Be6 12. Qh5 Rg8 13. g3 Rg5 14. Qd1 Bxd5
15. exd5 Ne7 16. c3 Bh6 17. Be2 e4 18. Qd4 Bg7 19. Qd2 Rg6 20. Nc2 Bh6 21. Qd4
Bg7 22. Qd2 Bh6 23. Qd4 Bg7 24. Qd1 Qb6 25. a4 bxa4 26. Nb4 Kf8 27. Qxa4 a5 28.
Qb5 Qc5 29. Ra3 Be5 30. Qb7 Re8 31. Na6 Qxd5 32. Qxd5 Nxd5 33. Kd2 f4 34. Rxa5
e3+ 35. Kc2 Nxc3 36. bxc3 exf2 37. Bd3 fxg3 38. hxg3 Rxg3 39. Rf1 Rf3 40. Nc7
Rc8 41. Nd5 h5 42. Kd2 h4 43. Ke2 Rg3 44. Rxf2 Bxc3 45. Nxc3 Rxc3 46. Bb1 h3
47. Raf5 Rg2 48. Rxf7+ Ke8 49. Be4 Rxf2+ 50. Rxf2 Rg3 51. Rf6 Ke7 52. Rh6 Rc3
53. Bf5 h2 54. Rxh2 Kf6 55. Bd3 Ke5 56. Ke3 Ra3 57. Rh5+ Kf6 58. Kd4 Ra1 59.
Rh3 Ra5 60. Be4 Rg5 61. Rh8 Ke7 62. Rh7+ Ke8 63. Bd5 Kd8 64. Be6 Ke8 65. Rd7
Rg1 66. Ra7 Rg5 67. Bd5 Kd8 68. Bf3 Rf5 69. Bc6 Rg5 70. Rd7+ Kc8 71. Rxd6 Kc7
72. Rf6 Rg1 73. Bd5 Kd7 74. Kc5 Rc1+ 75. Bc4 Ke7 76. Rf7+ Ke8 77. Ra7 Rc2 78.
Kd4 Kd8 79. Kd5 Rc1 80. Rh7 Rd1+ 81. Ke6 Kc8 82. Bd5 Rg1 83. Kd6 Rg6+ 84. Kc5
Rf6 85. Bc6 Kd8 86. Rg7 Rh6 87. Rd7+ Kc8 88. Kb6 Rf6 89. Rd1 Rh6 90. Re1 Rd6
91. Kc5 Rh6 92. Re7 Kd8 93. Ra7 Rf6 94. Be4 1-0

[Event "Zonal 2.4"]
[Site "Sao Paulo BRA"]
[Date "2005.10.23"]
[Round "2.5"]
[White "Lima, Darcy Gustavo"]
[Black "Matsuura, Everaldo"]
[Result "1-0"]
[WhiteElo "2529"]
[BlackElo "2453"]
[PlyCount "101"]
[EventDate "2005.10.22"]
[EventType "swiss"]
[EventRounds "9"]
[EventCountry "BRA"]
[Source "lmi"]
[SourceDate "2005.11.01"]

1. e4 c5 2. Nf3 Nc6 3. Bb5 e6 4. Bxc6 bxc6 5. d3 Ne7 6. O-O Ng6 7. Ng5 e5 8.
Qh5 Qe7 9. Nc3 d6 10. Nh3 Be6 11. f4 exf4 12. Nxf4 Nxf4 13. Bxf4 g6 14. Qf3 Bg7
15. Qg3 Rd8 16. e5 d5 17. Bg5 Qc7 18. Bxd8 Qxd8 19. Na4 Qa5 20. b3 O-O 21. Qe1
Qc7 22. Nxc5 Bxe5 23. Nxe6 fxe6 24. Rxf8+ Kxf8 25. Qf2+ Kg8 26. d4 Bxh2+ 27.
Kh1 Bd6 28. Qf6 Qe7 29. Rf1 c5 30. Qxe7 Bxe7 31. dxc5 Bxc5 32. Rf6 e5 33. Re6
e4 34. Re5 Kf7 35. Rxd5 Bb6 36. Re5 e3 37. g4 Kf6 38. Re4 h5 39. gxh5 Kf5 40.
Re8 gxh5 41. Kg2 Kf4 42. Rf8+ Kg4 43. Rc8 h4 44. Rc4+ Kg5 45. Re4 Kf5 46. Kf3
Kg5 47. Re5+ Kg6 48. c4 h3 49. c5 h2 50. Kg2 Kf6 51. cxb6 1-0

[Event "Zonal 2.4"]
[Site "Sao Paulo BRA"]
[Date "2005.10.23"]
[Round "2.6"]
[White "Limp, Eduardo Thelio"]
[Black "Di Berardino, Diego Rafael"]
[Result "0-1"]
[WhiteElo "2447"]
[BlackElo "2312"]
[PlyCount "84"]
[EventDate "2005.10.22"]
[EventType "swiss"]
[EventRounds "9"]
[EventCountry "BRA"]
[Source "lmi"]
[SourceDate "2005.11.01"]

1. d4 Nf6 2. Nf3 e6 3. c4 b6 4. g3 Ba6 5. Nbd2 Bb4 6. Qc2 c5 7. Bg2 Bb7 8. O-O
cxd4 9. Nxd4 Bxg2 10. Kxg2 Qc8 11. b3 O-O 12. Bb2 Nc6 13. N4f3 Be7 14. Rac1 Qb7
15. Qb1 Rfd8 16. e4 d6 17. Kg1 a6 18. Rfd1 Ng4 19. Nd4 Nxd4 20. Bxd4 Ne5 21. f4
Ng4 22. Qd3 e5 23. h3 Nf6 24. Bf2 exf4 25. gxf4 Re8 26. Re1 Bf8 27. Bd4 Nh5 28.
Qf3 g6 29. f5 b5 30. Re2 Bh6 31. Rc2 Rac8 32. Nf1 bxc4 33. fxg6 hxg6 34. bxc4
Nf4 35. Re1 Ne6 36. Ba1 Qb4 37. Rd1 Rxc4 38. Rxc4 Qxc4 39. Ng3 Qxa2 40. h4 Rb8
41. Rf1 Nf4 42. e5 Rb3 0-1

[Event "Zonal 2.4"]
[Site "Sao Paulo BRA"]
[Date "2005.10.23"]
[Round "2.7"]
[White "Assumpcao, Roberto"]
[Black "Cordova, Emilio"]
[Result "0-1"]
[WhiteElo "2364"]
[BlackElo "2434"]
[PlyCount "76"]
[EventDate "2005.10.22"]
[EventType "swiss"]
[EventRounds "9"]
[EventCountry "BRA"]
[Source "lmi"]
[SourceDate "2005.11.01"]

1. d4 Nf6 2. c4 e6 3. Nc3 Bb4 4. e3 b6 5. Nge2 c5 6. a3 Ba5 7. Bd2 O-O 8. b4
cxb4 9. Na2 bxa3 10. Bxa5 bxa5 11. Qa4 Qe7 12. Qxa5 Nc6 13. Qa4 a5 14. Nec3 Ba6
15. Be2 e5 16. dxe5 Nxe5 17. O-O Rfc8 18. Nb5 d5 19. cxd5 Nxd5 20. Rfd1 Bb7 21.
Bf1 Nb6 22. Qf4 Nd5 23. Qg3 Ra6 24. e4 Rg6 25. Qxa3 Qxa3 26. Nxa3 Nf4 27. Kh1
Bxe4 28. Rac1 Rf8 29. Rd4 Nh3 30. Rc3 Nf3 31. Rxf3 Bxf3 32. Rd2 Bc6 33. Nc4 Nf4
34. f3 Bb5 35. Nc3 Bxc4 36. Bxc4 Rc6 37. Rd4 Ne6 38. Re4 Rfc8 0-1

[Event "Zonal 2.4"]
[Site "Sao Paulo BRA"]
[Date "2005.10.24"]
[Round "3.2"]
[White "Sunye Nt, Jaime"]
[Black "Lima, Darcy Gustavo"]
[Result "1/2-1/2"]
[WhiteElo "2522"]
[BlackElo "2529"]
[PlyCount "34"]
[EventDate "2005.10.22"]
[EventType "swiss"]
[EventRounds "9"]
[EventCountry "BRA"]
[Source "lmi"]
[SourceDate "2005.11.01"]

1. c4 Nf6 2. Nc3 e6 3. Nf3 c5 4. g3 Nc6 5. Bg2 d5 6. cxd5 Nxd5 7. O-O Be7 8. d4
O-O 9. Nxd5 exd5 10. dxc5 Bxc5 11. Qc2 Bb6 12. Bg5 Qd7 13. Rad1 d4 14. Bf4 Qf5
15. Qxf5 Bxf5 16. a3 Rfe8 17. Rfe1 Rad8 1/2-1/2

[Event "Zonal 2.4"]
[Site "Sao Paulo BRA"]
[Date "2005.10.24"]
[Round "3.3"]
[White "El Debs, Felipe de Cresce"]
[Black "Castaneda, Carlos"]
[Result "1/2-1/2"]
[WhiteElo "2341"]
[BlackElo "2171"]
[PlyCount "74"]
[EventDate "2005.10.22"]
[EventType "swiss"]
[EventRounds "9"]
[EventCountry "BRA"]
[Source "lmi"]
[SourceDate "2005.11.01"]

1. e4 g6 2. Nc3 Bg7 3. g3 c5 4. d3 Nc6 5. Be3 d6 6. Qd2 h5 7. h3 b5 8. Bg2 Rb8
9. Nge2 Bd7 10. O-O Qc8 11. Kh2 b4 12. Nd1 e6 13. a3 a5 14. axb4 axb4 15. d4
cxd4 16. Nxd4 Nge7 17. Nxc6 Qxc6 18. Qd3 O-O 19. Bd4 e5 20. Be3 Be6 21. Qd2 d5
22. Bg5 f6 23. exd5 Bxd5 24. Bxd5+ Qxd5 25. Qxd5+ Nxd5 26. Bd2 Rfc8 27. c3 bxc3
28. bxc3 f5 29. Rc1 e4 30. f3 Rc4 31. Kg2 Rb3 32. fxe4 fxe4 33. Re1 Bf8 34. Re2
Bc5 35. Rc2 e3 36. Nxe3 Bxe3 37. Bxe3 Rcxc3 1/2-1/2

[Event "Zonal 2.4"]
[Site "Sao Paulo BRA"]
[Date "2005.10.24"]
[Round "3.6"]
[White "Zambrana, Osvaldo"]
[Black "Matsuura, Everaldo"]
[Result "1/2-1/2"]
[WhiteElo "2409"]
[BlackElo "2453"]
[PlyCount "101"]
[EventDate "2005.10.22"]
[EventType "swiss"]
[EventRounds "9"]
[EventCountry "BRA"]
[Source "lmi"]
[SourceDate "2005.11.01"]

1. e4 e5 2. Nf3 Nc6 3. Bc4 Bc5 4. c3 Nf6 5. d3 a6 6. O-O Ba7 7. Be3 O-O 8. Nbd2
d6 9. Bb3 Ne7 10. Bxa7 Rxa7 11. Nh4 Bg4 12. f3 Be6 13. f4 Nc6 14. fxe5 dxe5 15.
Qe2 Ra8 16. Nf5 Ne7 17. Nxe7+ Qxe7 18. Nc4 Rad8 19. Ne3 Qd7 20. Bxe6 Qxe6 21.
Rf3 Nh5 22. g3 g6 23. b3 Rd7 24. Raf1 Rfd8 25. Nd5 c6 26. Nf6+ Nxf6 27. Rxf6
Qe7 28. Rxf7 Qxf7 29. Rxf7 Rxf7 30. Qe3 Rfd7 31. Qc5 Rxd3 32. Qxe5 R3d7 33. Kg2
Rf7 34. a4 Rdd7 35. Qe8+ Kg7 36. Qe5+ Kg8 37. Qe8+ Kg7 38. Qe5+ Rf6 39. h4 h5
40. Kh3 Kf7 41. Kg2 Rd2+ 42. Kg1 Rd1+ 43. Kg2 Rd2+ 44. Kg1 Rf3 45. Qc7+ Kf6 46.
Qb8 Rfd3 47. Qf8+ Ke6 48. Qe8+ Kf6 49. Qf8+ Ke6 50. Qe8+ Kf6 51. Qf8+ 1/2-1/2

[Event "Zonal 2.4"]
[Site "Sao Paulo BRA"]
[Date "2005.10.24"]
[Round "4.1"]
[White "Mecking, Henrique Costa"]
[Black "Milos Jr, Gilberto"]
[Result "1/2-1/2"]
[WhiteElo "2549"]
[BlackElo "2620"]
[PlyCount "30"]
[EventDate "2005.10.22"]
[EventType "swiss"]
[EventRounds "9"]
[EventCountry "BRA"]
[Source "lmi"]
[SourceDate "2005.11.01"]

1. d4 Nf6 2. c4 g6 3. Nc3 Bg7 4. e4 d6 5. f3 O-O 6. Nge2 c5 7. Be3 Nbd7 8. d5
Ne5 9. Ng3 e6 10. Be2 exd5 11. cxd5 a6 12. a4 h5 13. O-O Nh7 14. Qd2 h4 15. Nh1
f5 1/2-1/2

[Event "Zonal 2.4"]
[Site "Sao Paulo BRA"]
[Date "2005.10.24"]
[Round "4.2"]
[White "Lima, Darcy Gustavo"]
[Black "Castaneda, Carlos"]
[Result "1-0"]
[WhiteElo "2529"]
[BlackElo "2171"]
[PlyCount "59"]
[EventDate "2005.10.22"]
[EventType "swiss"]
[EventRounds "9"]
[EventCountry "BRA"]
[Source "lmi"]
[SourceDate "2005.11.01"]

1. d4 Nf6 2. Nf3 g6 3. c4 Bg7 4. g3 d6 5. Bg2 O-O 6. O-O Nc6 7. Nc3 a6 8. h3
Rb8 9. Be3 e5 10. dxe5 dxe5 11. Qc1 Re8 12. Rd1 Qe7 13. Nd5 Nxd5 14. cxd5 Nd4
15. Nxd4 exd4 16. Rxd4 Bxd4 17. Bxd4 Bf5 18. Qh6 Qf8 19. Qh4 f6 20. Bxf6 Rxe2
21. Bf3 Ree8 22. Bc3 h6 23. Qd4 Kh7 24. g4 Bd7 25. Be4 Rbd8 26. Re1 c5 27. Qd3
Qf7 28. Re3 Bb5 29. Rf3 Qg8 30. Bxg6+ 1-0

[Event "Zonal 2.4"]
[Site "Sao Paulo BRA"]
[Date "2005.10.24"]
[Round "4.3"]
[White "Sunye Nt, Jaime"]
[Black "El Debs, Felipe de Cresce"]
[Result "1-0"]
[WhiteElo "2522"]
[BlackElo "2341"]
[PlyCount "83"]
[EventDate "2005.10.22"]
[EventType "swiss"]
[EventRounds "9"]
[EventCountry "BRA"]
[Source "lmi"]
[SourceDate "2005.11.01"]

1. c4 c5 2. Nf3 g6 3. g3 Bg7 4. Bg2 Nc6 5. O-O e5 6. Nc3 Nge7 7. a3 O-O 8. Rb1
a5 9. d3 d6 10. Bd2 Rb8 11. Ne1 Be6 12. Nd5 b5 13. b3 b4 14. Nc2 Qd7 15. Re1
Nd4 16. Nxe7+ Qxe7 17. Nxd4 exd4 18. axb4 axb4 19. Ra1 Bc8 20. Ra5 Qc7 21. Qa1
Bb7 22. Ra7 Qc8 23. Bxb7 Rxb7 24. Ra6 Qe6 25. Qa4 Rd7 26. Qc6 Rfd8 27. Qf3 Qf6
28. Qxf6 Bxf6 29. Rea1 Kg7 30. Rc6 Be7 31. Raa6 h6 32. Kg2 Bg5 33. Be1 Re8 34.
Kf1 Rde7 35. Ra2 Re6 36. h4 Bc1 37. Rc2 Ba3 38. Bd2 R8e7 39. Bf4 Rd7 40. e3
dxe3 41. Bxe3 f6 42. Bxc5 1-0

[Event "Zonal 2.4"]
[Site "Sao Paulo BRA"]
[Date "2005.10.24"]
[Round "4.4"]
[White "Vescovi, Giovanni Portilho"]
[Black "Leitao, Rafael Duailibe"]
[Result "1/2-1/2"]
[WhiteElo "2646"]
[BlackElo "2586"]
[PlyCount "77"]
[EventDate "2005.10.22"]
[EventType "swiss"]
[EventRounds "9"]
[EventCountry "BRA"]
[Source "lmi"]
[SourceDate "2005.11.01"]

1. e4 c5 2. Nf3 Nc6 3. Bb5 d6 4. O-O Bd7 5. Re1 Nf6 6. h3 Ne5 7. a4 a6 8. Bxd7+
Nfxd7 9. Nxe5 Nxe5 10. b3 g5 11. d3 e6 12. c3 Bg7 13. Be3 O-O 14. d4 cxd4 15.
cxd4 Nc6 16. Na3 d5 17. e5 f6 18. exf6 Qxf6 19. Nc2 Rac8 20. Qd2 h6 21. Rec1
Rfd8 22. Rab1 Qg6 23. Nb4 Nxb4 24. Qxb4 Qf7 25. Qe1 Qe8 26. Qd1 Rxc1 27. Rxc1
Rc8 28. Rxc8 Qxc8 29. Qh5 Qd7 30. h4 Qf7 31. Qg4 Qf5 32. Qg3 Qb1+ 33. Kh2 Qxb3
34. hxg5 hxg5 35. Qg4 Kf7 36. Qh5+ Kf8 37. Qf3+ Kg8 38. Qg4 Kf7 39. Qh5+
1/2-1/2

[Event "Zonal 2.4"]
[Site "Sao Paulo BRA"]
[Date "2005.10.24"]
[Round "4.5"]
[White "Limp, Eduardo Thelio"]
[Black "Cordova, Emilio"]
[Result "1/2-1/2"]
[WhiteElo "2447"]
[BlackElo "2434"]
[PlyCount "126"]
[EventDate "2005.10.22"]
[EventType "swiss"]
[EventRounds "9"]
[EventCountry "BRA"]
[Source "lmi"]
[SourceDate "2005.11.01"]

1. d4 Nf6 2. Nf3 e6 3. c3 b6 4. Bg5 Bb7 5. Nbd2 Be7 6. e3 c5 7. Bd3 Nc6 8. O-O
O-O 9. Re1 cxd4 10. exd4 Rc8 11. Qe2 Nd5 12. Bxe7 Ncxe7 13. g3 Ba8 14. a4 f5
15. Ne5 Rf6 16. Qd1 Qc7 17. Bf1 d6 18. Nd3 Ng6 19. f4 Re8 20. Bg2 Bb7 21. c4
Nde7 22. Bxb7 Qxb7 23. a5 Nc6 24. Qa4 Rc8 25. axb6 axb6 26. Qa6 Qxa6 27. Rxa6
Nxd4 28. Rxb6 e5 29. Kf2 e4 30. Nb4 Ne7 31. Ke3 Ndc6 32. Ra1 Nxb4 33. Rxb4 d5
34. Rb7 Re6 35. Rc1 Rd8 36. cxd5 Nxd5+ 37. Ke2 Rh6 38. Nf1 Ra6 39. Rc5 Rad6 40.
Rc2 h6 41. h4 Kh7 42. Rd2 Kg6 43. h5+ Kf6 44. Rc2 g5 45. hxg6 h5 46. g7 h4 47.
Kf2 hxg3+ 48. Kxg3 Rg8 49. Rd2 Rxg7+ 50. Rxg7 Kxg7 51. Ne3 Rg6+ 52. Kf2 Nxe3
53. Kxe3 Rg3+ 54. Kd4 Kf6 55. b4 Rf3 56. b5 Rxf4 57. b6 Rf1 58. Rb2 Rd1+ 59.
Ke3 Rd3+ 60. Ke2 Rd8 61. b7 Rb8 62. Ke3 Kg5 63. Rb6 Kg4 1/2-1/2

[Event "Zonal 2.4"]
[Site "Sao Paulo BRA"]
[Date "2005.10.24"]
[Round "4.6"]
[White "Di Berardino, Diego Rafael"]
[Black "Zambrana, Osvaldo"]
[Result "1-0"]
[WhiteElo "2312"]
[BlackElo "2409"]
[PlyCount "127"]
[EventDate "2005.10.22"]
[EventType "swiss"]
[EventRounds "9"]
[EventCountry "BRA"]
[Source "lmi"]
[SourceDate "2005.11.01"]

1. e4 c5 2. Nc3 Nc6 3. g3 g6 4. Bg2 Bg7 5. d3 d6 6. f4 Nf6 7. Nf3 Rb8 8. O-O
O-O 9. h3 Ne8 10. Be3 Nd4 11. Rb1 b6 12. Qd2 Nc7 13. Qf2 Nxf3+ 14. Qxf3 e6 15.
Rbd1 Bb7 16. d4 Qe7 17. Qf2 Rfe8 18. Rfe1 Rbd8 19. d5 exd5 20. exd5 Qd7 21. Kh2
b5 22. Nb1 f5 23. c3 Qf7 24. Qd2 Re7 25. Na3 Rde8 26. Nc2 Bf6 27. a3 a6 28. Bf2
Rxe1 29. Nxe1 Re7 30. Nc2 Qe8 31. Bf3 Kg7 32. Kg2 Bxd5 33. Bxd5 Re2 34. Qc1
Nxd5 35. Kf1 Rxc2 36. Qxc2 Ne3+ 37. Bxe3 Qxe3 38. Qf2 Qe4 39. Rxd6 Qh1+ 40. Ke2
Qe4+ 41. Qe3 Qg2+ 42. Kd1 Qxh3 43. Kc1 Qf1+ 44. Kc2 Qg2+ 45. Kb1 Qe4+ 46. Qxe4
fxe4 47. Re6 Kf7 48. Rxe4 h5 49. Kc2 Be7 50. b3 Bd6 51. c4 Kf6 52. cxb5 axb5
53. a4 Kf5 54. Re3 bxa4 55. bxa4 Bc7 56. Kd3 g5 57. fxg5 Kxg5 58. Ke2 Kg4 59.
Kf2 Kh3 60. Rc3 Be5 61. Rc4 Bxg3+ 62. Kf3 h4 63. Rxc5 Bd6 64. Rh5 1-0

[Event "Zonal 2.4"]
[Site "Sao Paulo BRA"]
[Date "2005.10.24"]
[Round "4.7"]
[White "Matsuura, Everaldo"]
[Black "Assumpcao, Roberto"]
[Result "1-0"]
[WhiteElo "2453"]
[BlackElo "2364"]
[PlyCount "81"]
[EventDate "2005.10.22"]
[EventType "swiss"]
[EventRounds "9"]
[EventCountry "BRA"]
[Source "lmi"]
[SourceDate "2005.11.01"]

1. e4 e6 2. d4 d5 3. Nc3 Nf6 4. e5 Nfd7 5. Nce2 c5 6. c3 Nc6 7. f4 Qb6 8. Nf3
f6 9. a3 Be7 10. b4 cxd4 11. cxd4 O-O 12. Qd3 Qc7 13. Rb1 a6 14. g3 f5 15. Bh3
Nb6 16. g4 Bd7 17. O-O Nd8 18. Nc3 Rc8 19. Bd2 Nc4 20. Rbc1 g6 21. gxf5 gxf5
22. Kh1 Kh8 23. Rg1 Bb5 24. Nxb5 axb5 25. Ng5 Bxg5 26. fxg5 Rg8 27. g6 Rxg6 28.
Bg5 Qf7 29. Rcf1 Nc6 30. Bxf5 exf5 31. Rxf5 Qd7 32. Bf6+ Rxf6 33. exf6 Nd6 34.
Rxd5 Qe6 35. Rh5 Ne4 36. Rg7 Nf2+ 37. Kg2 Qg4+ 38. Rxg4 Nxd3 39. Rh3 Rf8 40.
Rxd3 Rxf6 41. Rf3 1-0

[Event "Zonal 2.4"]
[Site "Sao Paulo BRA"]
[Date "2005.10.25"]
[Round "5.1"]
[White "Milos Jr, Gilberto"]
[Black "Sunye Nt, Jaime"]
[Result "1-0"]
[WhiteElo "2620"]
[BlackElo "2522"]
[PlyCount "63"]
[EventDate "2005.10.22"]
[EventType "swiss"]
[EventRounds "9"]
[EventCountry "BRA"]
[Source "lmi"]
[SourceDate "2005.11.01"]

1. e4 c5 2. Nf3 d6 3. d4 cxd4 4. Nxd4 Nf6 5. Nc3 a6 6. Be3 e5 7. Nb3 Be6 8. f3
Nbd7 9. g4 Be7 10. Qd2 b5 11. g5 b4 12. Ne2 Nh5 13. Ng3 Nxg3 14. hxg3 a5 15. f4
Qc7 16. f5 Bc4 17. Bxc4 Qxc4 18. Qd3 Qxd3 19. cxd3 a4 20. Nd2 d5 21. exd5 Ra5
22. Rc1 Rxd5 23. Rc8+ Bd8 24. Ke2 O-O 25. Ne4 f6 26. gxf6 Nxf6 27. Bc5 Be7 28.
Bxe7 Rxc8 29. Bxf6 a3 30. bxa3 Rc6 31. Be7 bxa3 32. Rb1 1-0